| 000 | 00553nam a2200181 4500 | ||
|---|---|---|---|
| 001 | 127543 | ||
| 003 | ES-MaACL | ||
| 005 | 20230906193031.0 | ||
| 007 | t| | ||
| 008 | 070214s1974 sp r ||||1| spa d | ||
| 100 | 1 |
_aRieunau, Georges. _997172 |
|
| 245 | 1 | 0 |
_aManual de traumatología / _cpor Georges Rieunau ; versión de Enrique Martínez Alba. |
| 250 | _a3ª. ed. | ||
| 260 |
_aBarcelona : _bToray Masson, _c1974. |
||
| 300 |
_aX, 357 p. : _bil. ; _c24 cm. |
||
| 700 | 1 |
_aMartínez Alba, Enrique. _977828 |
|
| 852 |
_aES-MaACL _jC-41863 _bR.100183 |
||
| 999 |
_c127543 _d127543 |
||